[Event "NH Hotels"]
[Site "Amsterdam NED"]
[Date "2006.08.26"]
[Round "7"]
[White "Stellwagen,D"]
[Black "Beliavsky,A"]
[Result "1/2-1/2"]
[WhiteElo "2575"]
[BlackElo "2625"]

1.e4 e5 2.Nf3 Nc6 3.Bb5 a6 4.Ba4 Nf6 5.O-O Be7 6.Re1 b5 7.Bb3 d6 8.c3 O-O
9.h3 Bb7 10.d4 Re8 11.Nbd2 Bf8 12.a4 Na5 13.Ba2 c5 14.b4 cxb4 15.cxb4 Nc6
16.Qb3 d5 17.dxe5 Nxe5 18.Nxe5 Rxe5 19.Bb2 Re6 20.e5 bxa4 21.Qxa4 Nh5 22.Nf3 Nf4
23.Bb1 Rc6 24.Qb3 Rc4 25.Bc3 Qc8 26.Bd2 Nxh3+ 27.Kf1 Nf4 28.Bxf4 Rxf4 29.b5 g6
30.bxa6 Rxa6 31.Rxa6 Bxa6+ 32.Bd3 Bc4 33.Bxc4 dxc4 34.Qe3 Bh6 35.e6 Qxe6
36.Qxe6 fxe6 37.Rxe6 Bg7 38.Rc6 Bf6 39.Nd2 c3 40.Nb1 Bd4 41.f3 Rh4 42.Nxc3 Rh1+
43.Ke2 Rg1 44.g4  1/2-1/2

[Event "II Magistral"]
[Site "Guarapari BRA"]
[Date "2006.09.04"]
[Round "8"]
[White "Bittencourt,J"]
[Black "Cantarino,M"]
[Result "1-0"]
[WhiteElo "2419"]
[BlackElo "2194"]

1.e4 e5 2.Nf3 Nc6 3.Bb5 a6 4.Ba4 Nf6 5.O-O Be7 6.Re1 b5 7.Bb3 d6 8.c3 O-O
9.h3 Bb7 10.d4 Re8 11.Nbd2 Bf8 12.d5 Nb8 13.Nf1 Nbd7 14.N3h2 Nc5 15.Bc2 c6
16.b4 Ncd7 17.dxc6 Bxc6 18.Bg5 h6 19.Bxf6 Nxf6 20.Ng4 Nxg4 21.Qxg4 Rc8 22.Bb3 Bd7
23.Qf3 Be6 24.Rec1 Be7 25.Rc2 Bg5 26.g3 a5 27.h4 Bf6 28.Qd3 axb4 29.cxb4 Rxc2
30.Qxc2 Bxb3 31.Qxb3 d5 32.exd5 e4 33.Rd1 Qd7 34.Ne3 Rc8 35.d6 Rc3 36.Qd5 Rxe3
37.fxe3 Qg4 38.Kh2 Bxh4 39.Rg1 Bg5 40.Qd1 Qd7 41.Re1 Bf6 42.Qd5 Bg5 43.Qa8+ Kh7
44.Qxe4+ Kg8 45.Rd1 Bf6 46.Rd5 g6 47.Qd3 h5 48.Qxb5 Qg4 49.d7 Bd8 50.Rd4 Qf3
51.Qd5 Qf2+ 52.Qg2 Qf5 53.Qd2 Qf3 54.Rc4 Kh7 55.Rf4  1-0

[Event "ch-EU"]
[Site "Liverpool ENG"]
[Date "2006.09.08"]
[Round "3"]
[White "Short,N"]
[Black "Sulskis,S"]
[Result "1-0"]
[WhiteElo "2676"]
[BlackElo "2514"]

1.e4 e5 2.Nf3 Nc6 3.Bb5 a6 4.Ba4 Nf6 5.O-O Be7 6.Re1 b5 7.Bb3 d6 8.c3 O-O
9.h3 Bb7 10.d4 Re8 11.Nbd2 Bf8 12.d5 Nb8 13.Nf1 Nbd7 14.Ng3 Nc5 15.Bc2 c6
16.b4 Ncd7 17.dxc6 Bxc6 18.Bb3 Nb6 19.Bg5 h6 20.Bh4 g6 21.Qd2 Nc4 22.Bxc4 bxc4
23.Qe3 a5 24.a3 Bg7 25.Rad1 Ba4 26.Rd2 Re6 27.Bxf6 Qxf6 28.Qe2 Bb3 29.Nf1 h5
30.Ne3 Bh6 31.Rb2 Bxe3 32.Qxe3 Re7 33.Nd2 Qe6 34.Nf1 axb4 35.axb4 Rd7 36.Rd2 Kg7
37.f3 Ra3 38.Rd5 Rda7 39.Nd2 Ra1 40.b5 Qd7 41.Rxa1 Rxa1+ 42.Kh2 Qc7 43.f4 Ra8
44.Nf3 Rb8 45.fxe5 dxe5 46.Nxe5 Ba4 47.Rc5 Qd6 48.Qd4 Qxd4 49.cxd4 Bxb5 50.Rc7 Rf8
51.h4 Kg8 52.Kg3 Rd8 53.d5 f5 54.Kf4 Be8 55.Nxc4 fxe4 56.Kxe4 Bf7 57.Rc5 Kg7
58.Ne5 Bg8 59.Rc7+ Kf6 60.Rc6+ Kg7 61.d6 Be6 62.d7  1-0

[Event "ch-EU"]
[Site "Liverpool ENG"]
[Date "2006.09.13"]
[Round "8"]
[White "Ciuksyte,D"]
[Black "Sulskis,S"]
[Result "1/2-1/2"]
[WhiteElo "2440"]
[BlackElo "2514"]

1.e4 e5 2.Nf3 Nc6 3.Bb5 a6 4.Ba4 Nf6 5.O-O Be7 6.Re1 b5 7.Bb3 d6 8.c3 O-O
9.h3 Bb7 10.d4 Re8 11.Ng5 Rf8 12.Nf3 Re8 13.Nbd2 Bf8 14.Bc2 g6 15.d5 Nb8
16.b3 Nbd7 17.Nf1 c6 18.c4 c5 19.Bd2 h5 20.Bd3 b4 21.a3 a5 22.N1h2 Bg7 23.g4 Nb6
24.Kg2 Bc8 25.Ng1 Qd7 26.f3 Kf8 27.Nf1 Ke7 28.Bg5 Kd8 29.Ng3 Kc7 30.axb4 axb4
31.Rxa8 Nxa8 32.Qd2 Rh8 33.Ra1 Nb6 34.N1e2 Kb8 35.Qa2 Bb7 36.Be3 hxg4 37.fxg4 Rxh3
38.Kxh3 Nxg4 39.Qa7+ Kc7 40.Bxc5 dxc5 41.Kg2 Qe7 42.Kf3 Nh2+ 43.Kg2 Ng4 44.Kf3 Nh2+
45.Kg2 Ng4 46.Kf3  1/2-1/2

[Event "XVI WSen"]
[Site "Arvier ITA"]
[Date "2006.09.22"]
[Round "11"]
[White "Jansa,Vl"]
[Black "Klovans,J"]
[Result "1-0"]
[WhiteElo "2482"]
[BlackElo "2433"]

1.e4 e5 2.Nf3 Nc6 3.Bb5 a6 4.Ba4 Nf6 5.O-O Be7 6.Re1 b5 7.Bb3 d6 8.c3 O-O
9.h3 Bb7 10.d4 Re8 11.Nbd2 Bf8 12.d5 Nb8 13.Nf1 Nbd7 14.N3h2 Nc5 15.Bc2 c6
16.b4 Ncd7 17.dxc6 Bxc6 18.Bg5 Qc7 19.Bxf6 Nxf6 20.Ng4 Nxg4 21.hxg4 Rac8
22.Bb3 Bd7 23.Rc1 Be7 24.Ne3 Bg5 25.Nd5 Qb8 26.Rc2 Rc6 27.g3 Qc8 28.f3 Be6
29.Qd3 Bd8 30.Kg2 Qb7 31.Rh1 Be7 32.Kf1 Rec8 33.Rch2 h6 34.Qe3 Kf8 35.g5 h5
36.Rxh5 Ke8 37.Rh8+ Kd7 38.Rxc8 Kxc8 39.Rh8+ Kd7 40.g6 fxg6 41.Nxe7  1-0

[Event "15th TCh-CRO"]
[Site "Sibenik CRO"]
[Date "2006.09.24"]
[Round "3"]
[White "Movsesian,S"]
[Black "Smirin,I"]
[Result "1/2-1/2"]
[WhiteElo "2637"]
[BlackElo "2659"]

1.e4 e5 2.Nf3 Nc6 3.Bb5 a6 4.Ba4 Nf6 5.O-O Be7 6.Re1 b5 7.Bb3 d6 8.c3 O-O
9.h3 Bb7 10.d3 Nb8 11.Nbd2 Nbd7 12.Nf1 Nc5 13.Bc2 Re8 14.Ng3 Bf8 15.Nf5 d5
16.exd5 Qxd5 17.Bg5 e4 18.dxe4 Qxd1 19.Raxd1 Bxe4 20.Bxe4 Ncxe4 21.Bxf6 Nxf6
22.Rxe8 Rxe8 23.Re1  1/2-1/2

[Event "WJun"]
[Site "Yerevan ARM"]
[Date "2006.10.06"]
[Round "4"]
[White "Khairullin,I"]
[Black "Warakomski,T"]
[Result "1/2-1/2"]
[WhiteElo "2543"]
[BlackElo "2446"]

1.e4 e5 2.Nf3 Nc6 3.Bb5 a6 4.Ba4 Nf6 5.O-O Be7 6.Re1 b5 7.Bb3 d6 8.c3 O-O
9.h3 Bb7 10.d4 Re8 11.Ng5 Rf8 12.Nf3 Re8 13.Nbd2 Bf8 14.a4 Na5 15.Bc2 b4
16.d5 bxc3 17.bxc3 c6 18.c4 Qc7 19.Bd3 Reb8 20.Ba3 Bc8 21.Qc2 Nd7 22.Rec1 g6
23.Qc3 c5 24.Rcb1 Bg7 25.Rxb8 Rxb8 26.Rb1 Rxb1+ 27.Bxb1  1/2-1/2

[Event "22nd ECU Club Cup"]
[Site "Feugen AUT"]
[Date "2006.10.10"]
[Round "3"]
[White "Brkic,A"]
[Black "Johannessen,LE"]
[Result "1/2-1/2"]
[WhiteElo "2541"]
[BlackElo "2551"]

1.e4 e5 2.Nf3 Nc6 3.Bb5 a6 4.Ba4 Nf6 5.O-O Be7 6.Re1 b5 7.Bb3 d6 8.c3 O-O
9.h3 Bb7 10.d4 Re8 11.Nbd2 Bf8 12.d5 Nb8 13.Nf1 Nbd7 14.N3h2 Nc5 15.Bc2 c6
16.b4 Ncd7 17.dxc6 Bxc6 18.Bg5 h6 19.Bxf6 Nxf6 20.Ng4 Nxg4 21.Qxg4 Bd7 22.Qf3 Rc8
23.Bb3 Be6 24.Rec1 Be7 25.Rc2 a5 26.Qd3 Qd7 27.Rd1 Red8 28.bxa5 Bg5 29.Bxe6 fxe6
30.Rb2 Qc6 31.Rxb5 Qxc3 32.Qxc3 Rxc3 33.Rb6 Be7 34.Rb7 Bf8 35.Ne3 Ra8 36.Rb5 Ra3
37.Nc4 Ra4 38.Nxd6 Rd8 39.Rb6 Rxa5 40.Rd2 Ra7 41.Nc4 Rxd2 42.Nxd2 Rxa2 43.Nc4 Bc5
44.Rb2 Ra1+ 45.Kh2 Bd4 46.Re2 Rc1  1/2-1/2

[Event "22nd ECU Club Cup"]
[Site "Feugen AUT"]
[Date "2006.10.11"]
[Round "4"]
[White "Apicella,M"]
[Black "Korotylev,A"]
[Result "0-1"]
[WhiteElo "2538"]
[BlackElo "2613"]

1.e4 e5 2.Nf3 Nc6 3.Bb5 a6 4.Ba4 Nf6 5.O-O Be7 6.Re1 b5 7.Bb3 d6 8.c3 O-O
9.h3 Bb7 10.d4 Re8 11.Ng5 Rf8 12.Nf3 Re8 13.Nbd2 Bf8 14.Bc2 g6 15.b3 Bg7
16.d5 Ne7 17.a4 c6 18.c4 Qc7 19.Ba3 cxd5 20.cxd5 Qb6 21.a5 Qd8 22.Nf1 Qd7
23.Ng3 Bh6 24.Bd3 Rec8 25.Bb4 Ne8 26.Nh2 Nf6 27.Qf3 Bg7 28.Ng4 Nfxd5 29.exd5 f5
30.Ne3 f4 31.Be4 fxe3 32.fxe3 Rf8 33.Qd1 Nf5 34.Qg4 Rf7 35.Rad1 Kh8 36.Bf3 Bh6
37.Nxf5 gxf5 38.Qh4 Bf8 39.e4 Be7 40.Qh5 Raf8 41.Bd2 Bd8 42.Kh2 Rg8 43.Rf1 f4
44.Bg4 Qe8 45.Be6 Rxg2+ 46.Kh1 Rg6 47.Rg1 Rxe6 48.dxe6 Bxe4+ 49.Kh2 Qxe6
50.Bb4 Be7 51.Rc1 Bg6 52.Qf3 Bh4 53.Rgd1 Bg3+ 54.Kg2 Bf5 55.Rxd6 Bxh3+ 56.Kh1 Qf5
57.Bc3 Re7 58.Qd5 Bg4 59.Rc2 Kg7 60.Rd8 f3 61.Rg8+ Kh6 62.Bd2+ Kh5 63.Rg5+ Qxg5
64.Bxg5 Rd7 65.Qxd7 Bxd7 66.Be3 Bf5 67.Rd2 Be1 68.Rh2+ Kg4 69.Kg1 Bxa5 70.Kf2 Bc3
71.Rh1 Be4 72.Rg1+ Kf5 73.Rh1 Ke6 74.Rh6+ Bg6 75.Kxf3 a5 76.Rh1 Bd3 77.Rc1 Bb4
78.Rc8 a4 79.bxa4 bxa4 80.Ra8 Bc2 81.Rc8 Bb3 82.Ke4 Bd5+ 83.Kd3 a3 84.Bc1 a2
85.Bb2 e4+ 86.Ke3 Be7 87.Rb8 Bg5+ 88.Ke2 Bc4+ 89.Kd1 e3 90.Re8+ Kf5 91.Kc2 e2
92.Bc3 Bf6 93.Bxf6 Kxf6 94.Kb2 Be6  0-1

[Event "Vasylyshyn Mem"]
[Site "Lviv UKR"]
[Date "2006.10.11"]
[Round "8"]
[White "Zherebukh,Y"]
[Black "Kozakov,M"]
[Result "1-0"]
[WhiteElo "2321"]
[BlackElo "2456"]

1.e4 e5 2.Nf3 Nc6 3.Bb5 a6 4.Ba4 Nf6 5.O-O Be7 6.Re1 b5 7.Bb3 d6 8.c3 O-O
9.h3 Bb7 10.d4 Qd7 11.Nbd2 Rad8 12.Bc2 h6 13.a4 exd4 14.cxd4 Nb4 15.Bb1 Rfe8
16.Ra3 Bf8 17.Rae3 bxa4 18.Nh4 Qb5 19.Nf1 d5 20.e5 Ne4 21.Qh5 Qb6 22.Rf3 g6
23.Qg4 Qe6 24.Nf5 Kh7 25.Nxh6 Bxh6 26.Qh4 Rh8 27.Bxh6 g5 28.Bxg5+ Kg8 29.Qf4 Rd7
30.Bf6 Rh7 31.Rg3+ Kf8 32.Bxe4 dxe4 33.Qg5  1-0

[Event "22nd ECU Club Cup"]
[Site "Feugen AUT"]
[Date "2006.10.12"]
[Round "5"]
[White "Kasimdzhanov,R"]
[Black "Smirin,I"]
[Result "1/2-1/2"]
[WhiteElo "2672"]
[BlackElo "2659"]

1.e4 e5 2.Nf3 Nc6 3.Bb5 a6 4.Ba4 Nf6 5.O-O Be7 6.Re1 b5 7.Bb3 d6 8.c3 O-O
9.h3 Bb7 10.d4 Re8 11.Nbd2 Bf8 12.Bc2 Nb8 13.a4 Nbd7 14.Bd3 b4 15.Qc2 d5
16.exd5 exd4 17.Rxe8 Qxe8 18.cxd4 Bxd5 19.b3 c5 20.Bb2 cxd4 21.Re1 Qb8 22.Bxd4 Qb7
23.Rc1 Bd6 24.Bc4 Rc8 25.Qf5 Be6 26.Qb1 Bxc4 27.Nxc4 Bc5 28.Bxc5 Rxc5 29.Re1 h6
30.Nd6  1/2-1/2

[Event "LXXI ch-ESP GpB"]
[Site "Leon ESP"]
[Date "2006.11.23"]
[Round "2"]
[White "Lopez Martinez,J"]
[Black "Fernandez Garcia,JoseL"]
[Result "1-0"]
[WhiteElo "2508"]
[BlackElo "2470"]

1.e4 e5 2.Nf3 Nc6 3.Bb5 a6 4.Ba4 Nf6 5.O-O Be7 6.Re1 b5 7.Bb3 d6 8.c3 O-O
9.h3 Bb7 10.d4 Nd7 11.Nbd2 Bf6 12.Nf1 Re8 13.N1h2 Na5 14.Bc2 exd4 15.cxd4 c5
16.Ng4 cxd4 17.Nxd4 Bxd4 18.Qxd4 Rc8 19.Qd1 Ne5 20.Ne3 Nac4 21.Nf5 g6 22.Nh6+ Kg7
23.b3 Nb6 24.Be3 f6 25.Rc1 d5 26.Ng4 Ned7 27.Bh6+ Kh8 28.exd5 Rxe1+ 29.Qxe1 Bxd5
30.Qd2 Qc7 31.Qe2 Qd6 32.Re1 Bf7 33.Rd1 Qb4 34.Bb1 Re8 35.Qf1 Nd5 36.Kh1 Qe7
37.Rc1 Ne5 38.Ne3 Nxe3 39.Bxe3 Bd5 40.Kg1 Ba8 41.Bc5 Qb7 42.f3 Qf7 43.Bf2 Kg7
44.Qd1 Qe6 45.Rc7+ Re7 46.Rxe7+ Qxe7 47.a4 Nf7 48.Qd4 Qa3 49.Bc2 Qc1+ 50.Bd1 Qc6
51.Be2 Qe6 52.Bd1 Bd5 53.axb5 axb5 54.Qb4 Qc6 55.Bc5 Qe8 56.Kf2 Bc6 57.Be2 Ng5
58.Be3 Nf7 59.h4 Qd7 60.Qc3 Qd5 61.Qc5 Qxc5 62.Bxc5 Bd5 63.Bd1 Nd8 64.Ke3 Ne6
65.Bd6 Kf7 66.Kd3 Ke8 67.Kc3 Kd7 68.Bh2 Kc6 69.Kb4 Nc5 70.Be2 Nxb3 71.Bxb5+ Kb6
72.Bg1+ Kc7 73.Be3 Kd6 74.Ba4  1-0

[Event "LXXI ch-ESP GpB"]
[Site "Leon ESP"]
[Date "2006.11.25"]
[Round "4"]
[White "Arizmendi Martinez,J"]
[Black "Perez Candelario,Man"]
[Result "0-1"]
[WhiteElo "2540"]
[BlackElo "2496"]

1.e4 e5 2.Nf3 Nc6 3.Bb5 a6 4.Ba4 Nf6 5.O-O Be7 6.Re1 b5 7.Bb3 d6 8.c3 O-O
9.h3 Bb7 10.d4 Re8 11.a4 h6 12.Nbd2 exd4 13.cxd4 Nb4 14.d5 Nd7 15.axb5 Bf6
16.Bc4 Nc5 17.bxa6 Bxa6 18.Bxa6 Nbxa6 19.Nb3 Rxe4 20.Rxe4 Nxe4 21.Nbd4 Nac5
22.Nc6 Qe8 23.Rxa8 Qxa8 24.Be3 Bxb2 25.Bxc5 Nxc5 26.Qc2 Bf6 27.Qf5 Qe8 28.g3 Nd7
29.Kg2 g6 30.Qf4 Kg7 31.Nh2 h5 32.Nf1 Bb2 33.Ne3 Nf6 34.Qc4 Ba3 35.g4 Bc5
36.Kf3 Bxe3 37.fxe3 hxg4+ 38.hxg4 Qh8 39.Nb4 Qh3+ 40.Ke2 Nxg4  0-1

[Event "37th National Chess Congress"]
[Site "Philadelphia USA"]
[Date "2006.11.26"]
[Round "6"]
[White "Shabalov,A"]
[Black "Ibragimov,I"]
[Result "1-0"]
[WhiteElo "2575"]
[BlackElo "2616"]

1.e4 e5 2.Nf3 Nc6 3.Bb5 a6 4.Ba4 Nf6 5.O-O Be7 6.Re1 b5 7.Bb3 d6 8.c3 O-O
9.h3 Bb7 10.d4 Re8 11.Nbd2 Bf8 12.a3 g6 13.Ba2 Bg7 14.b4 a5 15.d5 Ne7 16.Nb3 axb4
17.cxb4 Bc8 18.Na5 h6 19.Bd2 Rf8 20.Rc1 Ne8 21.Nh2 Kh7 22.f4 f5 23.fxe5 dxe5
24.exf5 Bxf5 25.Bc3 Qd6 26.Ng4 Bxg4 27.Qxg4 Nf5 28.Qe2 Qb6+ 29.Qf2 Nd4 30.Qe3 Nd6
31.Bxd4 exd4 32.Qd3 Rae8 33.Rxe8 Rxe8 34.Bb1 Nc4 35.Nc6 Kh8 36.Kh1 Ne5 37.Qe4 d3
38.Bxd3 Qf2 39.Rf1 Qg3 40.Bxb5 Kh7 41.Nd4 Rf8 42.Ne6 Rxf1+ 43.Bxf1 Qxa3 44.Nxg7 Qa1
45.Ne8 Qxf1+ 46.Kh2  1-0

[Event "6th Amplico AIG Life"]
[Site "Warsaw POL"]
[Date "2006.12.16"]
[Round "2"]
[White "Fedorchuk,S"]
[Black "Matras,A"]
[Result "1/2-1/2"]
[WhiteElo "2599"]
[BlackElo "2210"]

1.e4 e5 2.Nf3 Nc6 3.Bb5 a6 4.Ba4 Nf6 5.O-O Be7 6.Re1 b5 7.Bb3 d6 8.c3 O-O
9.h3 Bb7 10.d3 Re8 11.Nbd2 Bf8 12.Nf1 h6 13.Ne3 Na5 14.Bc2 c5 15.Nf5 d5 16.Qe2 c4
17.dxc4 dxe4 18.Nd2 Qc8 19.Ne3 Qc6 20.cxb5 axb5 21.Ng4 Rac8 22.Nxf6+ Qxf6
23.Bxe4 Bxe4 24.Nxe4 Qc6 25.Qf3 Nc4 26.b3 Nb6 27.Bb2 Nd5 28.Rad1 Nf4 29.Qg4 Rcd8
30.Rxd8 Rxd8 31.Bc1 Ng6 32.Qf3 Be7 33.Nd2 Qa6 34.c4 bxc4 35.Nxc4 Bb4 36.Rd1 Rxd1+
37.Qxd1 Qxa2 38.Bb2 Bc5 39.Qd8+ Kh7 40.Qd3 Bd4 41.Bxd4 exd4 42.h4 Qa1+ 43.Kh2 Qc3
44.Qe4 Qxb3 45.Qxd4 Qb8+ 46.Nd6 h5 47.g3 Kg8 48.Qd5 Qc7 49.Ne4 Qe5 50.Qa8+ Nf8
51.Ng5 g6 52.Qf3 Qe7 53.Ne4 Nd7 54.Qd3 Ne5 55.Qd5 Ng4+ 56.Kg2 Nf6 57.Nxf6+  1/2-1/2

[Event "44th National A ch-IND"]
[Site "Atul IND"]
[Date "2006.12.25"]
[Round "9"]
[White "Konguvel,P"]
[Black "Babu,NS"]
[Result "1/2-1/2"]
[WhiteElo "2407"]
[BlackElo "2290"]

1.e4 e5 2.Nf3 Nc6 3.Bb5 a6 4.Ba4 Nf6 5.O-O Be7 6.Re1 b5 7.Bb3 d6 8.c3 O-O
9.h3 Bb7 10.d4 Re8 11.Nbd2 Bf8 12.a4 h6 13.Bc2 exd4 14.cxd4 Nb4 15.Bb1 c5
16.d5 Nd7 17.Ra3 c4 18.axb5 axb5 19.Nd4 Rxa3 20.bxa3 Nd3 21.Bxd3 cxd3 22.Re3 Nc5
23.Bb2 Qa5  1/2-1/2

[Event "Masters"]
[Site "Singapore SIN"]
[Date "2006.12.26"]
[Round "2"]
[White "Gunsen,B"]
[Black "Li Ruofan"]
[Result "1/2-1/2"]
[WhiteElo "2231"]
[BlackElo "2391"]

1.e4 e5 2.Nf3 Nc6 3.Bb5 a6 4.Ba4 Nf6 5.O-O Be7 6.Re1 b5 7.Bb3 O-O 8.c3 d6
9.h3 Bb7 10.d4 Re8 11.Nbd2 Bf8 12.a4 h6 13.Bc2 exd4 14.cxd4 Nb4 15.Bb1 c5
16.d5 Nd7 17.b3 f5 18.axb5 axb5 19.Rxa8 Bxa8 20.Bb2 Nf6 21.Bxf6 Qxf6 22.Nf1 Qf7
23.Nh4 fxe4 24.Bxe4 Re5 25.f4 Rxe4 26.Rxe4 Nxd5 27.Qa1 Bb7 28.f5 Ne7 29.Rg4 Nxf5
30.Ng6 Nd4 31.Nxf8 Qxf8 32.Qe1 Nxb3 33.Qe6+ Qf7 34.Qxd6 Nd4 35.Ng3 Qd5 36.Qb8+ Kh7
37.Nh5 Qxh5 38.Qxb7 Qe5 39.Qf7 Qf6 40.Qd5 Qe7 41.Re4 Qg5 42.Qxg5 hxg5 43.Kf2 Kg6
44.Re5 Nb3 45.Ke3 Kf6 46.Rd5 g4 47.hxg4 Ke6 48.Rg5 Kf6 49.Rf5+ Ke6 50.Rg5 Kf6
51.Rf5+ Ke6 52.Rg5 Kf6 53.Rf5+  1/2-1/2

[Event "Masters"]
[Site "Singapore SIN"]
[Date "2006.12.29"]
[Round "7"]
[White "Li Shilong"]
[Black "Zhang Zhong"]
[Result "1/2-1/2"]
[WhiteElo "2524"]
[BlackElo "2609"]

1.e4 e5 2.Nf3 Nc6 3.Bb5 a6 4.Ba4 Nf6 5.O-O Be7 6.Re1 b5 7.Bb3 d6 8.c3 O-O
9.h3 Bb7 10.d4 Re8 11.Nbd2 Bf8 12.d5 Nb8 13.Nf1 Nbd7 14.N3h2 h6 15.Ng3 Nc5
16.Bc2 c6 17.dxc6 Bxc6 18.Ng4 Nxg4 19.Qxg4 Bd7 20.Nf5 Kh8 21.Qg3 d5 22.exd5 Bxf5
23.Bxf5 e4 24.b4 Qxd5 25.Qf4 Re5 26.bxc5 Rxf5 27.Qxe4 Qxe4 28.Rxe4 Rxc5 29.Bd2 Rd5
30.Be3 Rc8 31.a4 Bd6 32.axb5 axb5 33.Rd4 Rxd4  1/2-1/2

[Event "Keres Mem A"]
[Site "Tallinn EST"]
[Date "2007.01.07"]
[Round "2"]
[White "Kulaots,K"]
[Black "Klovans,J"]
[Result "1-0"]
[WhiteElo "2525"]
[BlackElo "2448"]

1.e4 e5 2.Nf3 Nc6 3.Bb5 a6 4.Ba4 Nf6 5.O-O Be7 6.Re1 b5 7.Bb3 d6 8.c3 O-O
9.h3 Bb7 10.d4 Re8 11.Nbd2 Bf8 12.a4 h6 13.Bc2 exd4 14.cxd4 Nb4 15.Bb1 c5
16.d5 Nd7 17.Ra3 f5 18.g4 f4 19.Nb3 g5 20.Bd2 Bg7 21.Nbd4 cxd4 22.Bxb4 Qf6
23.axb5 axb5 24.Bd3 Rxa3 25.bxa3 Ba6 26.Qe2 Ne5 27.Nxe5 Qxe5 28.Rc1 Bf8 29.Rc7 Rb8
30.Qc2 Bb7 31.Bxb5 f3 32.Qd3 Be7 33.Bd7 Bd8 34.Be6+ Kh8 35.Rf7 Bf6 36.Qxf3 Bg7
37.Rf5  1-0

[Event "Keres Mem WGM"]
[Site "Tallinn EST"]
[Date "2007.01.07"]
[Round "3"]
[White "Daulyte,D"]
[Black "Zjukin,S"]
[Result "0-1"]
[WhiteElo "2190"]
[BlackElo "2357"]

1.e4 e5 2.Nf3 Nc6 3.Bb5 a6 4.Ba4 Nf6 5.O-O Be7 6.Re1 b5 7.Bb3 d6 8.c3 O-O
9.h3 Bb7 10.d4 Qd7 11.Nbd2 Rad8 12.Nf1 exd4 13.cxd4 d5 14.e5 Ne4 15.a4 Nb4
16.axb5 axb5 17.Ra7 c5 18.e6 fxe6 19.Ne5 Qc8 20.Rxe4 dxe4 21.Rxb7 Qxb7 22.Bxe6+ Kh8
23.Qh5 Rf6 24.Bf7 Rd5 25.Bg5 Rxe5 26.dxe5 Ra6 27.e6 Bxg5 28.Qxg5 Nc6 29.Ng3 Qe7
30.Qf4 Qd8 31.Nf5 Ra7 32.Qxe4 Ne7 33.Ng3 Qd4 34.Qe2 Ra1+ 35.Kh2 Qd1 36.Qxd1 Rxd1
37.Ne4 c4 38.Nc3 Rd2 39.Nxb5 Rxb2 40.Be8 Rxf2 41.Kg3 Re2 42.Bd7 c3 43.Nd4 Rd2  0-1

[Event "ch-CUB Open"]
[Site "Santa Clara CUB"]
[Date "2007.01.11"]
[Round "2"]
[White "Blanco,H"]
[Black "Gonzalez,Yu"]
[Result "1/2-1/2"]
[WhiteElo "2413"]
[BlackElo "2494"]

1.e4 e5 2.Nf3 Nc6 3.Bb5 a6 4.Ba4 Nf6 5.O-O Be7 6.Re1 b5 7.Bb3 d6 8.c3 O-O
9.h3 Bb7 10.d4 Re8 11.Nbd2 Bf8 12.Bc2 g6 13.d5 Nb8 14.b3 Nbd7 15.Nf1 c6 16.c4 Qc7
17.Bg5 Bg7 18.Qd2 Rec8 19.Rac1 bxc4 20.bxc4 a5 21.Ng3 a4 22.Nh2 cxd5 23.cxd5 Qc3
24.Nhf1 Qxd2 25.Nxd2 Rc3 26.Nb1 Rcc8 27.Ne2 Nc5 28.Nec3 Nfd7 29.Bd2 Bf8 30.Na3 Nb3
31.axb3 axb3 32.Ra1  1/2-1/2

[Event "Keres Mem A"]
[Site "Tallinn EST"]
[Date "2007.01.12"]
[Round "9"]
[White "Onischuk,V"]
[Black "Klovans,J"]
[Result "1/2-1/2"]
[WhiteElo "2469"]
[BlackElo "2448"]

1.e4 e5 2.Nf3 Nc6 3.Bb5 a6 4.Ba4 Nf6 5.O-O Be7 6.Re1 b5 7.Bb3 d6 8.c3 O-O
9.h3 Bb7 10.d3 Re8 11.Nbd2 Bf8 12.Nf1 d5 13.Qe2 Na5 14.Bc2 h6 15.Ng3 c5 16.Be3 d4
17.cxd4 cxd4 18.Bd2 Nc6 19.Nh2 Rc8 20.Bb3 Na5 21.Bxa5 Qxa5 22.Qf3 Rc7 23.Nf5 Qb6
24.Rac1 Kh7 25.Qg3 Nh5 26.Qf3 Nf6 27.Ng4 Nxg4 28.hxg4 g6 29.Ng3 Kg7 30.g5 hxg5
31.Qg4 Be7 32.Qf3 Bb4 33.Rxc7 Qxc7 34.Re2 Qc1+ 35.Nf1 Qf4 36.Qxf4 gxf4 37.Rc2 Rc8
38.Rxc8 Bxc8 39.Bd5 g5 40.Nh2 g4 41.Kf1 f5 42.exf5 Bxf5 43.Ke2 Bd6 44.Nf1  1/2-1/2

[Event "TCh-NOR 2006-7"]
[Site "Oslo NOR"]
[Date "2007.01.14"]
[Round "6"]
[White "Hansen,TR"]
[Black "Harestad,H"]
[Result "1-0"]
[WhiteElo "2340"]
[BlackElo "2236"]

1.e4 e5 2.Nf3 Nc6 3.Bb5 a6 4.Ba4 Nf6 5.O-O b5 6.Bb3 Be7 7.Re1 O-O 8.h3 d6
9.c3 Bb7 10.d4 Re8 11.Nbd2 Bf8 12.a3 Nb8 13.d5 c6 14.dxc6 Bxc6 15.Qc2 Nbd7
16.Ba2 Qc7 17.Nf1 g6 18.Ng3 Bg7 19.Bg5 h6 20.Bd2 d5 21.exd5 Nxd5 22.c4 bxc4
23.Qxc4 Qb7 24.Qh4 Nf4 25.Bxf4 Bxf3 26.Bxh6 Bxg2 27.Rad1 Nf8 28.Bxg7 Kxg7
29.Qg5 Kh7 30.Rd6 Ne6 31.Bxe6 Rxe6 32.Rxe6 fxe6 33.Qxe5 Qd5 34.Qc7+ Kh6 35.Qf4+ Kg7
36.Rc1 Ra7 37.Rc8 Rf7 38.Qh4 Rf8 39.Qe7+ Rf7 40.Qe8 Kf6 41.Qh8+ Kg5 42.Rd8 Qf3
43.Qe5+ Kh6 44.Qd4 g5 45.h4 g4 46.Rh8+ Rh7 47.Qd2+ Kg7 48.Nh5+ Rxh5 49.Rxh5  1-0

[Event "5th Parsvnath Open"]
[Site "New Delhi IND"]
[Date "2007.01.17"]
[Round "4"]
[White "Ganguly,S"]
[Black "Babu,NS"]
[Result "1-0"]
[WhiteElo "2571"]
[BlackElo "2313"]

1.e4 e5 2.Nf3 Nc6 3.Bb5 a6 4.Ba4 Nf6 5.O-O Be7 6.Re1 b5 7.Bb3 d6 8.c3 O-O
9.h3 Bb7 10.d4 Re8 11.Nbd2 Bf8 12.a4 h6 13.d5 Ne7 14.c4 bxc4 15.Nxc4 c6 16.dxc6 Nxc6
17.a5 Na7 18.Nb6 Rb8 19.Ra4 Bc6 20.Rc4 Bb5 21.Rc2 Nc6 22.Bd2 Rxb6 23.axb6 Qxb6
24.Bc3 Na5 25.Bxa5 Qxa5 26.Qd2 Qb6 27.Qe3 Qb7 28.Nh4 Bd7 29.Qd3 Bc6 30.Bxf7+ Kxf7
31.Qc4+ d5 32.Qxc6 Qxc6 33.Rxc6 Nxe4 34.Rxa6 Bc5 35.Re2 Rb8 36.Nf3 Bd6 37.Ne1 Bc5
38.Ra5 Bxf2+ 39.Rxf2+ Nxf2 40.Kxf2 Rxb2+ 41.Kf3 e4+ 42.Ke3 Ke6 43.Rc5 Kd6
44.Rc8 Ke5 45.Nc2 Rb3+ 46.Ke2 Kf4 47.Kf2 Rd3 48.g3+ Ke5 49.Nb4 Rf3+ 50.Kg2 Rb3
51.Nc6+ Kd6 52.Nd4 Rb2+ 53.Kf1 Ke5 54.Ne2 Rb1+ 55.Kf2 Rb2 56.Ke1 Rb1+ 57.Kd2 Rb2+
58.Ke1 Rb1+ 59.Kf2 Rb2 60.Re8+ Kf5 61.Rf8+ Ke5 62.Re8+ Kf5 63.Ke3 Rb3+ 64.Kd4 Rd3+
65.Kc5 Re3 66.g4+  1-0

[Event "5th Parsvnath Open"]
[Site "New Delhi IND"]
[Date "2007.01.19"]
[Round "7"]
[White "Neelotpal,D"]
[Black "Shantharam,K"]
[Result "1-0"]
[WhiteElo "2488"]
[BlackElo "2203"]

1.e4 e5 2.Nf3 Nc6 3.Bb5 a6 4.Ba4 Nf6 5.O-O Be7 6.Re1 b5 7.Bb3 d6 8.c3 O-O
9.h3 Bb7 10.a4 b4 11.d4 exd4 12.cxd4 Na5 13.Bc2 c5 14.Nbd2 Qb6 15.b3 d5 16.exd5 Nxd5
17.Nc4 Qc7 18.Ng5 g6 19.Nxh7 Qd7  1-0

[Event "ch-CUB KO"]
[Site "Santa Clara CUB"]
[Date "2007.01.20"]
[Round "1.2"]
[White "Dominguez,L"]
[Black "De la Paz,F"]
[Result "1-0"]
[WhiteElo "2677"]
[BlackElo "2433"]

1.e4 e5 2.Nf3 Nc6 3.Bb5 a6 4.Ba4 Nf6 5.O-O Be7 6.Re1 b5 7.Bb3 d6 8.c3 O-O
9.h3 Bb7 10.d4 Re8 11.Nbd2 Bf8 12.d5 Ne7 13.Nf1 g6 14.Bg5 Bg7 15.Qd2 Kh8
16.c4 bxc4 17.Bxc4 Nfg8 18.Rac1 f6 19.Be3 c6 20.dxc6 Bxc6 21.Red1 Bxe4 22.Qxd6 Qb8
23.Qxb8 Rexb8 24.N3d2 Bd5  1-0

[Event "Open"]
[Site "Moscow RUS"]
[Date "2007.01.30"]
[Round "4"]
[White "Romashko,Andrei"]
[Black "Kruchev,B"]
[Result "1/2-1/2"]
[WhiteElo "2177"]
[BlackElo "2328"]

1.e4 e5 2.Nf3 Nc6 3.Bb5 a6 4.Ba4 Nf6 5.O-O Be7 6.Re1 b5 7.Bb3 d6 8.c3 O-O
9.h3 Bb7 10.d4 Re8 11.Nbd2 Bf8 12.d5 Nb8 13.Nf1 c6 14.Bg5 Nbd7 15.Ne3 c5
16.Ng4 h6 17.Bxf6 Nxf6 18.Nxf6+ Qxf6 19.a4 g6 20.Qe2 c4 21.Bc2 Qe7 22.Qe3 Bg7
23.Ra2 Rac8 24.axb5 axb5 25.Qb6 Qd7 26.Ra5 Rc5 27.Ra7 Rb8 28.Rea1 Bf8 29.R1a6 Qc8
30.Ra1 Bxd5 31.Qa6 Bb7 32.Qa2 Qe6 33.Re1 Bg7 34.Qa3 Rcc8 35.Rd1 Bf8 36.Qa5 f5
37.exf5 gxf5 38.Nh4 Be4 39.Bxe4 fxe4 40.Re1 Qd5 41.Re3 Rb7 42.Rg3+ Kf7 43.Nf5 Rb8
44.Qb6 Kf6 45.Nh4  1/2-1/2

[Event "ch-CUB Places"]
[Site "Santa Clara CUB"]
[Date "2007.01.30"]
[Round "4"]
[White "Abreu,A"]
[Black "De la Paz,F"]
[Result "1/2-1/2"]
[WhiteElo "2473"]
[BlackElo "2433"]

1.e4 e5 2.Nf3 Nc6 3.Bb5 a6 4.Ba4 Nf6 5.O-O Be7 6.Re1 b5 7.Bb3 d6 8.c3 O-O
9.h3 Bb7 10.d4 Re8 11.Nbd2 Bf8 12.d5 Ne7 13.Nf1 g6 14.N3h2 Kh8 15.c4 bxc4
16.Bxc4 Bg7 17.Bg5 Nfg8 18.Rc1 f5 19.f3 Nf6 20.Qd3 Qd7 21.Red1 Nh5 22.Bb3 Ng8
23.Qc2 Rec8 24.Ne3 fxe4 25.Ba4 Qf7 26.fxe4 Bf6 27.Rf1 Qg7 28.Bxf6 Ngxf6 29.Rf3 a5
30.Bb5 Nf4 31.Nhg4 Nd7 32.h4 Nc5 33.g3 Nh5 34.Rcf1 Rf8 35.Kg2 Kg8 36.b3 Rxf3
37.Rxf3 Rf8 38.Rxf8+ Qxf8 39.a3 Qb8 40.b4 axb4 41.axb4 Ba6 42.Bxa6 Nxa6 43.Qc6 Nxb4
44.Nh6+ Kh8 45.Qd7 Nd3 46.Nf7+ Kg8 47.Nh6+  1/2-1/2

[Event "ch-UKR U20"]
[Site "Lviv UKR"]
[Date "2007.01.31"]
[Round "1"]
[White "Kononenko,Dmitry1"]
[Black "Kravtsiv,M"]
[Result "1/2-1/2"]
[WhiteElo "2495"]
[BlackElo "2464"]

1.e4 e5 2.Nf3 Nc6 3.Bb5 a6 4.Ba4 Nf6 5.O-O Be7 6.Re1 b5 7.Bb3 d6 8.c3 O-O
9.h3 Bb7 10.d4 Re8 11.Nbd2 Bf8 12.a4 Na5 13.Bc2 b4 14.d5 bxc3 15.bxc3 c6
16.c4 Qc7 17.Ba3 Reb8 18.Rc1 c5 19.Rb1 Bc8 20.Bb2 Be7 21.Bc3 Bd8 22.Kh2 Rxb1
23.Bxb1 Rb8 24.Bd3 g6 25.g3 Nh5 26.Be2 Ng7 27.Qa1 f6 28.Ng1 Nb3 29.Nxb3 Rxb3
30.Bd1 Rb7 31.f4 Qd7 32.Bg4 Qc7 33.Bd1 Qd7 34.a5 Qe8 35.Ba4 Bd7 36.Bc2 Be7
37.Nf3 Qc8 38.g4 Bxg4 39.hxg4 Qxg4 40.Qd1 Nh5 41.Rg1 Qxf4+ 42.Kh3 Qe3 43.Bd2 Qa3
44.Kg2 Qa2 45.Ne1 Qxc4 46.Kf2 Qd4+ 47.Be3 Qxd1 48.Bxd1 Rb2+  1/2-1/2